| 000 | 00599nam a2200217Ii 4500 | ||
|---|---|---|---|
| 003 | JO-AjNU | ||
| 008 | 230606s9999||||xx |||||||||||||| ||und|| | ||
| 020 | _a978-93-5107-234-8 | ||
| 040 |
_aJO-AjNU _beng _erda _cJO-AjNU |
||
| 041 | _aeng | ||
| 050 | 1 | 4 | _aTA645.M43 2014 |
| 100 | 3 |
_aMegson, _eauthor _94731 |
|
| 245 | 0 | 0 | _aStructuraland stress Analysis |
| 250 | _a3 ed | ||
| 264 | 3 | 1 | _aLondon :Elsevier ,2014 |
| 300 | _a748p | ||
| 336 |
_atext _btxt _2rdacontent |
||
| 337 |
_aunmediated _bn _2rdamedia |
||
| 338 |
_avolume _bnc _2rdacarrier |
||
| 650 | 4 |
_aStructuraland stress Analysis _94732 |
|
| 999 |
_aE2451 _c2449 _d2449 |
||